000 00553cam a2200193 4500
001 D10698
008 090401t1979 xxu||||| |||| 00| 0 eng d
035 _a(Sirsi) u95918
041 _aeng
050 _a711.1
100 _aGlover, H.G.
245 _aPollution from mineral workings: causes,effects and solutions
260 _C1979
350 _a0
520 _aIn: RICS.Mining and its effects on the environment.Minerals Division,one day seminar..April,1979.RICS. 1979/12 ABC
700 _aMarchall, I.A.
942 _n0
948 _c04/03/1997
999 _c98576
_d98576